01121nam a2200193Ia 4500001001100000003001000011008004100021040002500062041001300087100002200100245004000122250001100162260007500173300001200248500026000260501011400520520026000634650003300894L840-49616IT-CnALBA170116s9999||||xx |||||||||||||| ||und|| aIT-CnALBAcIT-CnALBA aITALIANO aRIVOLTELLA PIETRO 0aLA CALAMITA SOTTO VETRO. RACCONTI.  a1a ed. aFIRENZEbL'AUTORE LIBRIc1996 [1° Ed.:1996 - Ed.Ling.Originale: 1996] a148 p.  aRIFLESSIONE CON IRONIA SULLE DEBOLEZZE UMANE. L'OLFATTO. LA MECCANICA CHIRURGICA. IL DONO DELLA VITA. LA ERRE FRANCESE. L'OMBRA. SANTA LUCIA. UN PROCLAMA. GIACOMINO E LE MILLE LIRE. IL VECCHIO GIUSEPPE. IL POTERE. LA FIDUCIA. LA CROCETTA ROSSA. PAOLO IL P aSocietà San Paolo EM - Piazza San Paolo, 14 - 12051 ALBA (CN) (non commercial uses only) ® Copyright 2017 aRIFLESSIONE CON IRONIA SULLE DEBOLEZZE UMANE. L'OLFATTO. LA MECCANICA CHIRURGICA. IL DONO DELLA VITA. LA ERRE FRANCESE. L'OMBRA. SANTA LUCIA. UN PROCLAMA. GIACOMINO E LE MILLE LIRE. IL VECCHIO GIUSEPPE. IL POTERE. LA FIDUCIA. LA CROCETTA ROSSA. PAOLO IL P aLETTERATURA FRANCESE E ALTRE